El "último escrito" de Joan Alsina (Record no. 181952)

MARC details
000 -LEADER
campo de control de longitud fija 00766nam a2200205 i 4500
001 - NÚMERO DE CONTROL
campo de control 181952
003 - IDENTIFICADOR DE NÚMERO DE CONTROL
campo de control ES-MaACL
005 - FECHA Y HORA DE LA ÚLTIMA TRANSACCIÓN
campo de control 20231020120649.0
008 - DATOS DE LONGITUD FIJA--INFORMACIÓN GENERAL
campo de control de longitud fija 130509s1988 cl | |||| ||spa d
080 ## - NÚMERO DE LA CLASIFICACIÓN DECIMAL UNIVERSAL
Número de la Clasificación Decimal Universal 929 Alsina, Juan
100 1# - ENTRADA PRINCIPAL--NOMBRE DE PERSONA
Nombre de persona Boero, Mario.
9 (RLIN) 141908
245 14 - MENCIÓN DEL TÍTULO
Título El "último escrito" de Joan Alsina
Resto del título : un testimonio cristiano de liberación /
Mención de responsabilidad, etc. Mario Boero.
260 ## - PUBLICACIÓN, DISTRIBUCIÓN, ETC.
Lugar de publicación, distribución, etc. Santiago (Chile) :
Nombre del editor, distribuidor, etc. Nuestra América Ediciones,
Fecha de publicación, distribución, etc. 1988.
300 ## - DESCRIPCIÓN FÍSICA
Extensión 146 p. ;
Dimensiones 17 cm.
600 14 - PUNTO DE ACCESO ADICIONAL DE MATERIA--NOMBRE DE PERSONA
Nombre de persona Alsina i Hurtós, Joan (
Fechas asociadas al nombre 1942-1973)
9 (RLIN) 152758
852 ## - LOCALIZACIÓN
Ubicación ES-MaACL
Número de control de estantería N-5652
Nota libre Dedicatoria autógrafa del autor
itemnumber 188861
Sublocalización o colección R.148783
Ubicación en estantería Depósito 1
Signatura antigua Olim: N-5652
Copia número Donación: Mario Boero
903 ## - NOMBRE PERSONAL DE DONANTE
9 141908
a Boero, Mario
e Donante
942 ## - ELEMENTOS DE ENTRADA SECUNDARIOS (KOHA)
Fuente del sistema de clasificación o colocación Clasificación decimal universal
Tipo de ítem Koha Libro impreso
Holdings
Estatus retirado Estado de pérdida Fuente del sistema de clasificación o colocación Estado de daño No para préstamo Biblioteca de origen Biblioteca actual Ubicación en estantería Fecha de adquisición Fuente de adquisición Total de préstamos Signatura topográfica completa Código de barras Visto por última vez Precio de reemplazo Tipo de ítem Koha Nota pública
    Clasificación decimal universal     Biblioteca del Ateneo de Madrid Biblioteca del Ateneo de Madrid Depósito 1 09/05/2015 Donación   A-12651 1191212 23/02/2023 23/02/2023 Libro impreso Dedicatoria autógrafa del autor